| 000 | 00892nas a2200289 4500 | ||
|---|---|---|---|
| 001 | BR2018000746 | ||
| 003 | BR-BrBNA | ||
| 005 | 20231205131302.0 | ||
| 007 | ta | ||
| 008 | 230509b bl.|||p| |||| 00| 00por d | ||
| 040 |
_aBR-BrBNA _bpor _cBiblioteca Nacional de Agricultura |
||
| 041 | _a(Pt) | ||
| 072 | _aL50; L70 | ||
| 100 | 1 | _aTesser, S. | |
| 100 | 1 | _aCavagnolli, N.I. | |
| 100 | 1 | _aTorriani, T. | |
| 100 | 1 | _aRodrigues, A.D. | |
| 245 | 1 | _aPerfil hematológico de cães e gatos na cidade de Bento Gonçalves, RIo Grande do Sul, Brazil) | |
| 650 | _aCÃO | ||
| 650 | _aGATO | ||
| 650 | _aDIAGNÓSTICO | ||
| 650 | _aHEMOGRAMA | ||
| 650 | _aVETERINÁRIA | ||
| 773 | 0 |
_tArquivos de Ciências Veterinárias e Zoologia da Unipar (Brazil) _xISSN 1415-8167 _g(Jan-Mar 2016), v. 19(1) p. 47-51 _wBR2018000746 |
|
| 909 |
_a202311 _bLúcia _c55 _dLúcia Elande |
||
| 942 |
_2AGRIS _n0 _cANA |
||
| 999 |
_c253982 _d253982 |
||